| 000 | 01119nam a22003617a 4500 | ||
|---|---|---|---|
| 003 | CHAP | ||
| 005 | 20220329133620.0 | ||
| 008 | 971013s1990 r 00010 d | ||
| 010 | _a8603 | ||
| 011 | _a9575 | ||
| 035 | _a8810 | ||
| 040 | _cCHAP | ||
| 082 |
_a639.3 _bL6 |
||
| 100 | 0 | 0 |
_aLópez Fanjul, Carlos. _967861 |
| 245 | _aMejora genética de peces y moluscos | ||
| 260 |
_aMadrid : _bMundi-Prensa, _c1990 |
||
| 300 | _a110 p. | ||
| 490 | _aAgroguías Mundi-Prensa | ||
| 590 |
_aBATCH-UPD _b10 _c20130110 _lUCH01 _h0019 |
||
| 590 |
_aBATCH-UPD _b10 _c20130110 _lUCH01 _h1824 |
||
| 590 |
_aBATCH-UPD _b10 _c20130409 _lUCH01 _h1958 |
||
| 590 |
_aBATCH-UPD _b10 _c20130410 _lUCH01 _h1157 |
||
| 590 |
_aBATCH-UPD _b10 _c20130914 _lUCH01 _h1732 |
||
| 590 |
_aCONVERSION _b10 _c20130109 _lUCH01 _h1306 |
||
| 650 | 1 | 4 |
_aMoluscos. _977447 |
| 650 | 1 | 4 |
_aPeces _xGenética. _986450 |
| 650 | 1 | 4 |
_aPiscicultura. _988531 |
| 700 | 0 |
_aToro, Miguel Angel. _9113971 |
|
| 830 | 0 |
_aAgroguias Mundi-Prensa _92183 |
|
| 901 | _aBK | ||
| 942 | _cLIBRO | ||
| 949 |
_a639.3 L6 _bBC _cLIBRO _d33724000139010 _eLIBRO _gI.c/e _h83575 _i8810 _si _t44.00 |
||
| 999 |
_c8603 _d8603 |
||